000 00802nam a22002057a 4500
003 OSt
005 20250129121955.0
008 250129b |||||||| |||| 00| 0 spa d
020 _a9789587747706
037 _bDonación
040 _aCO-JMCR
_bspa
_cCO-JMCR
_dCO-JMCR
_erda
041 1 _aspa
082 0 4 _223
_a986.103
_bC35d
100 1 0 _aDel Castillo, Lina
_998773
245 1 0 _aLa invención republicana del legado colonial :
_bciencia, historia y geografa̕ de la vanguardia polt̕ica colombiana en el siglo XIX /
_cLina del Castillo ; traducción de María José Montoya Durán
260 _aBogotá :
_bUniversidad de los Andes,
_bBanco de la República de Colombia,
_c2018.
300 _axlvi, 310 páginas:
_c24 cm.
700 1 0 _aMontoya Durán, María José
_etraductora
_998774
942 _cBK
_2ddc
999 _c30932
_d17316